Queen - We Are The Champions Lyrics - Statistics

General Stats
  • This quiz has been taken 247 times
  • The average score is 18 of 23
Answer Stats
Hint Answer % Correct
Time after __ Time
99%
I've paid my __ Dues
96%
We are the _____ Champions
90%
We are the _____ Champions
90%
We are the _____, my friends Champions
89%
'Cause we are the champions of the ___ World
89%
And we'll keep on ____ 'til the end Fighting
87%
No time for ___ Losers
87%
I've made a __ Few
84%
And bad ____ Mistakes
83%
But _____ no crime Committed
82%
I've done my _____ Sentence
82%
But it's been no bed of ___ Roses
80%
And I need just go _ and _, and _, and _ On
79%
But I've come ____ Through
78%
And I ain't gonna __ Lose
70%
I ___ you all Thank
67%
And my ___ calls Curtain
65%
You brought me __ __ ___ and everything that goes with it Fame and Fortune
64%
No ____ cruise Pleasure
63%
I've taken my __ Bows
57%
I consider it a challenge before the whole ___ __ Human Race
57%
I've had my share of __ kicked in my face Sand
57%
No matching quizzes found
Score Distribution
Percent of People with Each Score
Percentile by Number Answered
Your Score History
You have not taken this quiz